Svätý Kliment Slovenský (Nitriansky)

Bibliographic Details
Main Author: Kovalik, Tibor, 1935-2019 (Author)
Format: Article
Language:Slovak
PhysicalDescription:Fotogr.
ISSN:1335-3470
Subjects:
Online Access:http://www.kultura-fb.sk/new/old/archive/pdf/kult0710.pdf

MARC

LEADER 00000nab a2200000 a 4500
001 vtls010087293
003 SK-MaSNL
005 20260304233759.0
008 250708c2010 xo mr|p||||||||00 ||slo
015 |a SNBRB2010/04  |2 snkbucl 
035 |a (uuid)bfbb717f-8a40-4791-b6a6-8bddc779529b 
035 |a urn:nbn:sk:snk-ab96cr 
035 |a (urnnbn)urn:nbn:sk:snk:ar-0071r7 
038 |a SNKBUCL 
040 |a SNKBUCL  |b slo  |c SNKBUCL  |e AACR2 
041 0 |a slo 
044 |a xo  |c SK 
080 |a 94(437.6)-051  |2 2001 
080 |a 2-36  |2 2001 
080 |a 27-36  |2 2001 
100 1 |a Kovalik, Tibor,  |d 1935-2019  |4 aut  |9 38467 
245 1 0 |a Svätý Kliment Slovenský (Nitriansky)  |c Tibor Kovalik 
300 |b Fotogr. 
600 0 7 |a Kliment,  |c Ochridský, svätý,  |d pred 836-916  |2 snkbucl  |9 172412 
600 0 7 |a Naum,  |c sv.,  |d z. 910  |2 snkbucl  |9 652221 
600 0 7 |a Gorazd,  |c svätý,  |d činný 9. storočie  |2 snkbucl  |9 157807 
655 7 |a eseje  |2 snkbucl  |9 57030 
773 0 |t Kultúra  |g Roč. XIII, č. 7 (2010), s. 6-7  |x 1335-3470 
850 |a Slovenská národná knižnica 
852 |a Slovenská národná knižnica 
856 4 1 |u http://www.kultura-fb.sk/new/old/archive/pdf/kult0710.pdf 
954 |a odborná, vedecká literatúra pôvodná (slovenská)  |2 lita 
958 |a article13 
958 |a OND 
958 |a EUIPO 
999 |c 3200212  |d 3202142